[Event "Floripa Chess Open 2024"]
[Site "Florianopolis"]
[Date "2024.01.25"]
[Round "7.86"]
[White "Deretti, Lucas Jurk"]
[Black "Paz, Martin"]
[Result "1/2-1/2"]
[WhiteElo "1548"]
[BlackElo "1880"]
[PlyCount "147"]
[EventDate "2024.01.20"]
[EventRounds "10"]
[EventCountry "BRA"]

1. e4 Nf6 2. e5 Nd5 3. d4 d6 4. c4 Nb6 5. f4 dxe5 6. fxe5 Nc6 7. Be3 g6 8. Nc3
Bg7 9. Be2 O-O 10. Nf3 Bg4 11. O-O Qd7 12. Qd2 Rad8 13. Rad1 a5 $146 ({RR} 
13... Bxf3 14. Rxf3 Qe6 15. Qe1 Nb4 16. Qh4 Nc2 17. Bc1 Nxc4 18. Rh3 h5 19. Qe4
Nxd4 20. Rxd4 Qb6 21. Nd5 Rxd5 22. Qxd5 Bxe5 23. Rhh4 Bf6 24. Bxc4 Bxh4 25. Kh1
Bf6 26. Rd1 Bxb2 27. Bh6 Bg7 28. Bxg7 {Dobrocmyslov,A (2125)-Danielyan,V (2282)
Moscow 2017 1/2-1/2 (38)}) ({RR} 13... f6 14. exf6 exf6 15. d5 Bxf3 16. gxf3
Ne5 17. b3 c6 18. f4 Nf7 19. Bf3 f5 20. Bd4 Qe7 21. Rfe1 Qh4 22. Ne2 Bxd4+ 23.
Nxd4 Rfe8 24. Rxe8+ Rxe8 25. dxc6 bxc6 26. Nxc6 g5 27. c5 Nc8 28. fxg5 {
Martins,J (2209)-Perez,J (2028) Rio de Janeiro 2015 1-0 (77)}) 14. b3 a4 15. h3
Bxf3 16. Bxf3 Qc8 17. Bxc6 bxc6 18. c5 Nd7 19. Qc2 axb3 20. axb3 Nb8 21. b4 Qe6
22. Na2 Na6 23. Bf2 Rb8 24. Rb1 Rb5 25. Rb2 Rfb8 26. Rfb1 Bh6 27. Qa4 Ra8 28.
Nc3 Rbb8 29. Qc2 Qc4 30. b5 cxb5 31. Nxb5 Qxc2 32. Rxc2 c6 33. Nc3 Rxb1+ 34.
Nxb1 Nb4 35. Rb2 Nd5 36. Nd2 Ra1+ 37. Rb1 Ra4 38. Nf3 Ne3 39. Re1 Nc2 40. Rd1
Kf8 41. Rb1 Rb4 42. Rxb4 Nxb4 43. Kf1 f5 44. Ke2 e6 45. Ne1 Kf7 46. Nd3 Nd5 47.
Nb2 Bc1 48. Nc4 g5 49. g3 h5 50. Nd6+ Kg6 51. Nb7 g4 52. hxg4 hxg4 53. Nd8 f4
54. gxf4 Nxf4+ 55. Kf1 Kf5 56. Nxc6 Ke4 57. Ne7 Nd5 58. Nxd5 Kxd5 59. Kg2 Bf4
60. Bg1 Kc6 61. Kf1 Kd5 62. Ke2 Bg5 63. Bf2 Bf4 64. Be3 Bg3 65. Kf1 Bh4 66. Kg2
Ke4 67. Bf2 Bd8 68. Kg3 Kf5 69. c6 Ke4 70. Kxg4 Kd5 71. Bh4 Bb6 72. Kg5 Kxc6
73. Kg6 Kd5 74. Bf6 1/2-1/2

[Event "Floripa Chess Open 2024"]
[Site "Florianopolis"]
[Date "2024.01.25"]
[Round "7.87"]
[White "Hataby, Raed"]
[Black "Calcada, Henrique Galvan"]
[Result "0-1"]
[WhiteElo "1888"]
[BlackElo "1672"]
[PlyCount "132"]
[EventDate "2024.01.20"]
[EventRounds "10"]
[EventCountry "BRA"]

1. e4 c5 2. Nf3 Nc6 3. g3 Nf6 4. d3 g6 5. Nbd2 Bg7 6. Bg2 O-O 7. O-O e5 8. a4
$146 ({RR} 8. Nh4 d6 9. Nc4 Bg4 10. f3 Be6 11. Ne3 Qd7 12. c4 Nd4 13. f4 exf4
14. gxf4 Bh3 15. f5 Bxg2 16. Kxg2 Qe7 17. Ng4 Nxg4 18. Qxg4 Rab8 19. Rb1 h5 20.
Bg5 f6 21. Nxg6 hxg4 22. Nxe7+ Kf7 {Aramayo,J-Quenaya,J Arequipa 2002 0-1 (43)}
) ({RR} 8. Nc4 d6 9. Bg5 h6 10. Bxf6 Bxf6 11. Ne3 Be6 12. Qd2 Bg7 13. Nh4 Qd7
14. c3 Bh3 15. f4 Bxg2 16. Kxg2 Ne7 17. f5 g5 18. f6 gxh4 19. fxg7 Kxg7 20.
Nf5+ Nxf5 21. Rxf5 hxg3 22. Raf1 f6 {Belenkaya,D (2330)-Schut,H (2101) chess.
com INT 2023 1/2-1/2 (37)}) ({RR} 8. c3 h6 9. Qe2 d6 10. h3 Be6 11. Nh4 Qd7 12.
Kh2 g5 13. Nf5 Bxf5 14. exf5 Qxf5 15. Nc4 d5 16. Ne3 Qe6 17. b3 Rad8 18. Ba3 b6
19. Rfe1 Rfe8 20. Bb2 Ne7 21. Qf3 h5 22. g4 e4 {De Smet,G-Visser,Y (2370) Gent
1995 0-1 (34)}) 8... d5 9. exd5 Nxd5 10. Nc4 f6 11. Ne3 Be6 12. Nxd5 Bxd5 13.
Be3 Qd6 14. Nd2 Bxg2 15. Kxg2 f5 16. f4 Rfe8 17. fxe5 Nxe5 18. Bf4 Qd5+ 19. Nf3
b6 20. Rb1 h6 21. Re1 Ng4 22. h3 Nf6 23. Be5 g5 24. Bxf6 Bxf6 25. Kh2 Rxe1 26.
Nxe1 Re8 27. Ng2 Qd4 28. Qf3 Qxa4 29. Qxf5 Kg7 30. b3 Qc6 31. Rf1 Qd6 32. Qf3
Qd4 33. Qf2 Qxf2 34. Rxf2 Bd4 35. Rd2 b5 36. c4 bxc4 37. bxc4 a5 38. Ra2 Bc3
39. h4 Bb4 40. Kh3 Rd8 41. Kg4 Rxd3 42. hxg5 hxg5 43. Kxg5 Rxg3+ 44. Kf5 Rc3
45. Nf4 Rxc4 46. Re2 Kf7 47. Ng6 Rc1 48. Re7+ Kg8 49. Re8+ Kh7 50. Re7+ Kh6 51.
Re6 Rf1+ 52. Nf4+ Kg7 53. Rg6+ Kf7 54. Rd6 Ke7 55. Re6+ Kd7 56. Re2 Kc6 57. Ke4
Kb5 58. Rg2 a4 59. Nd3 a3 60. Ne5 Re1+ 61. Kd5 Rd1+ 62. Ke4 Rd2 63. Rg1 a2 64.
Nf3 Rd8 65. Ra1 Ra8 66. Kd3 Ra3+ 0-1

[Event "Floripa Chess Open 2024"]
[Site "Florianopolis"]
[Date "2024.01.25"]
[Round "7.88"]
[White "Marques, Eudes Pinto"]
[Black "Soares, Rafael Tuma"]
[Result "1-0"]
[WhiteElo "1863"]
[BlackElo "1540"]
[PlyCount "111"]
[EventDate "2024.01.20"]
[EventRounds "10"]
[EventCountry "BRA"]

1. c4 {Lutz,C} c6 2. d4 d5 3. Nc3 e6 4. e3 Nf6 5. Nf3 Bd6 6. Bd3 Nbd7 7. e4 ({
RR} 7. O-O O-O 8. e4 dxe4 9. Nxe4 Nxe4 10. Bxe4 Nf6 11. Bc2 c5 12. Qd3 cxd4 13.
Bg5) 7... dxe4 8. Nxe4 Nxe4 9. Bxe4 Nf6 10. Bc2 h6 ({RR} 10... c5 11. O-O h6
12. dxc5 ({RR} 12. b3) 12... Bxc5 13. Qe2 O-O 14. Bd2 b6 15. b4 Be7 16. Bc3 Bb7
17. Ne5 Qc7 18. f4 ({RR} 18. a3) 18... b5 19. Kh1 ({RR} 19. c5 Bxc5+ 20. bxc5
Qxc5+) 19... bxc4 20. Nxc4 Rfd8 ({RR} 20... Bd5 21. Bd3 Bxc4 ({RR} 21... Rac8
22. Be5) 22. Bxc4 Rac8 23. Bxf6 Bxf6 24. Rac1) 21. f5 e5 22. Bxe5 {1/2-1/2 (22)
Tkachiev,V (2620)-Handoko,E (2475) Jakarta 1996 CBM 057 [Lutz,C] RR} Qc6 23.
Na5 ({RR} 23. a3 Rac8 24. Bb3 Rd3 25. Na5) 23... Qxg2+ 24. Qxg2 Bxg2+ 25. Kxg2
Rd2+ 26. Rf2 Rxf2+ 27. Kxf2 Ng4+) 11. a3 $146 ({RR} 11. O-O Qc7 12. b3 O-O 13.
Bb2 Rd8 14. Qe2 Be7 15. a3 b6 16. Rae1 Bb7 17. Ne5 Bf8 18. f4 c5 19. g4 ({RR} 
19. f5) 19... cxd4 20. g5 d3 21. Bxd3 Bc5+ 22. Rf2 hxg5 23. fxg5 Rxd3 24. gxf6
Re3 25. Qxe3 Bxe3 {McNamara,G-Nguyen,G Sydney 2002 0-1 (31)}) ({RR} 11. O-O b6
12. b4 c5 13. Ba4+ Bd7 14. dxc5 bxc5 15. Qxd6 Bxa4 16. Qxc5 Qe7 17. Be3 Qxc5
18. Bxc5 Ne4 19. Be3 O-O 20. Rfc1 f5 21. g3 Rfd8 22. b5 a6 23. b6 Bc6 24. Ne5
Bb7 25. c5 Bd5 {Toniutti,E (2293)-Guimaraes,D (2248) chess.com INT 2021 1-0  
(60)}) ({RR} 11. O-O b6 12. Ba4 Bb7 13. d5 exd5 14. Re1+ Kf8 15. cxd5 Nxd5 16.
Nd4 Qd7 17. Qf3 b5 18. Bc2 Nf6 19. Bf4 Bb4 20. Nf5 c5 21. Qxb7 Qxb7 22. Bd6+
Kg8 23. Ne7+ Kf8 24. Nd5+ Kg8 25. Ne7+ {1/2-1/2 (25) Baginskaite,C (2280)-Mai,
T (2230) Yerevan 1996}) 11... a5 12. O-O O-O 13. Re1 b5 14. b3 Ba6 15. c5 Bc7
16. b4 Bb7 17. Be3 axb4 18. axb4 Rxa1 19. Qxa1 Nd5 20. Qa3 Re8 21. Bd2 Nf4 22.
g3 Nd5 23. Qd3 g6 24. h4 Kg7 25. h5 Qf6 26. hxg6 fxg6 27. Nh4 Ne7 28. Qe3 Nf5
29. Nxf5+ gxf5 30. Bb3 Bc8 31. d5 cxd5 32. Bxd5 Bd7 33. Bf3 e5 34. Bc3 Kh7 35.
Ra1 f4 36. Qd3+ Bf5 37. Be4 Bxe4 38. Qxe4+ Kg8 39. Ra7 fxg3 40. fxg3 Rf8 41.
Qe2 Rf7 42. Ra8+ Bd8 43. Bxe5 Qg5 44. Kh2 Kh7 45. Qd3+ Rf5 46. Qd7+ Kg8 47.
Qxd8+ Qxd8 48. Rxd8+ Kf7 49. Bf4 Ke7 50. Rb8 Rd5 51. Rxb5 Kd7 52. c6+ Kxc6 53.
Rxd5 Kxd5 54. Bxh6 Kc4 55. Bd2 Kb5 56. g4 1-0

[Event "Floripa Chess Open 2024"]
[Site "Florianopolis"]
[Date "2024.01.25"]
[Round "7.89"]
[White "Zottis, Pietro"]
[Black "Fischer, Ivo Lucio"]
[Result "1-0"]
[WhiteElo "1418"]
[BlackElo "1860"]
[PlyCount "67"]
[EventDate "2024.01.20"]
[EventRounds "10"]
[EventCountry "BRA"]

1. d4 Nf6 2. c4 g6 3. Nc3 d5 4. cxd5 Nxd5 5. e4 Nxc3 6. bxc3 Bg7 7. Nf3 c5 8.
Be3 O-O 9. Be2 Qa5 10. O-O Qxc3 11. Rc1 Qa3 12. Rxc5 Qxa2 13. Bc4 Qa3 14. Bc1
Qb4 15. Bd2 Qb6 16. Ba5 $146 ({RR} 16. Qc2 Nc6 17. Rb1 Qd8 18. d5 Nd4 19. Nxd4
Bxd4 20. Rcb5 b6 21. Bh6 Re8 22. Qa2 e6 23. dxe6 Bxe6 24. Bxe6 Rxe6 25. Rd5 Rd6
26. Rd1 Rxd5 27. exd5 Qf6 28. Qd2 Bc5 29. d6 a5 30. Bg5 Qxd6 {Kovalchuk,A  
(2375)-Politov,P (2190) chess.com INT 2021 1-0 (49)}) 16... Qf6 17. e5 Qf4 18.
Bd2 Qg4 19. e6 f5 20. h3 Qh5 21. g4 Qxh3 22. gxf5 Na6 23. Bxa6 bxa6 24. Ng5 Qh4
25. fxg6 Bb7 26. gxh7+ Kh8 27. d5 Be5 28. f4 Bd4+ 29. Kg2 Bxc5 30. Bc3+ Rf6 31.
Nf7+ Kg7 32. Rf3 Rh8 33. Rg3+ Kxh7 34. Qd3+ 1-0

[Event "Floripa Chess Open 2024"]
[Site "Florianopolis"]
[Date "2024.01.25"]
[Round "7.90"]
[White "Azevedo, Edmundo"]
[Black "Da Silva, Leticia Alice"]
[Result "1-0"]
[WhiteElo "1860"]
[BlackElo "1435"]
[PlyCount "61"]
[EventDate "2024.01.20"]
[EventRounds "10"]
[EventCountry "BRA"]

1. d4 d5 2. Bf4 Nf6 3. e3 e6 4. Nf3 Bd6 5. Bg5 c5 6. c3 Nbd7 7. Bd3 O-O 8. O-O
e5 9. dxe5 Nxe5 10. Be2 Nxf3+ $146 ({RR} 10... Be6 11. Nxe5 Bxe5 12. Bf3 Qb6
13. Qb3 Ne4 14. Bxe4 dxe4 15. Qxb6 axb6 16. Nd2 f5 17. Nb3 Ra4 18. Rfd1 h6 19.
Bf4 Bxf4 20. exf4 Rfa8 21. Nc1 Bxa2 22. Nxa2 Rxa2 23. Rab1 Kf8 24. Kf1 Ke7 25.
Ke2 {Azevedo,E (1860)-Silva,K (2142) Florianopolis BRA 2024 0-1}) 11. Bxf3 Be6
12. Nd2 h6 13. Bh4 g5 14. Bg3 Bxg3 15. hxg3 g4 16. Be2 c4 17. Qc2 Qd7 18. e4
Rad8 19. exd5 Bf5 20. Qc1 b5 21. Rd1 Rfe8 22. Re1 Qxd5 23. Nf1 Kg7 24. Ne3 Qc5
25. a4 a6 26. axb5 axb5 27. Rd1 h5 28. Ra6 Rxd1+ 29. Qxd1 Ne4 30. Qd4+ Qxd4 31.
Nxf5+ 1-0

[Event "Floripa Chess Open 2024"]
[Site "Florianopolis"]
[Date "2024.01.25"]
[Round "7.92"]
[White "El Zwei, Aiman Mohamed"]
[Black "Eger, Laura Luisa"]
[Result "0-1"]
[WhiteElo "1800"]
[BlackElo "1848"]
[PlyCount "90"]
[EventDate "2024.01.20"]
[EventRounds "10"]
[EventCountry "BRA"]

1. e4 e5 2. Nf3 Nc6 3. Bb5 a6 4. Bxc6 dxc6 5. O-O Qd6 6. d4 exd4 7. Qxd4 Qxd4
8. Nxd4 Bd6 9. Nc3 ({RR} 9. Be3 Nf6 10. f3 O-O 11. Nd2 Re8 12. Rfe1 c5 13. N4b3
b6 14. Nc4 Be6 15. Nxd6 cxd6 16. Rad1 d5 17. Bg5 d4 18. Bxf6 gxf6 19. c3 dxc3
20. bxc3 Red8 21. Kf2 Kf8 22. Ke3 Ke7 23. g4 a5 {Ginzburg,Y (2405)-Dubov,D  
(2708) chess.com INT 2023 0-1 (40)}) 9... Bd7 ({RR} 9... c5 10. Nde2 Bd7 11.
Bf4 Bxf4 12. Nxf4 O-O-O 13. Nfd5 Nh6 14. Rad1 Rhe8 15. a4 f6 16. h3 Nf7 17. f4
Bc6 18. Rfe1 Re6 19. Rd2 Rde8 20. Rde2 Nd6 21. e5 fxe5 22. Rxe5 Rxe5 23. Rxe5
Rxe5 24. fxe5 {Lima,S-Eger,L (1720) Florianopolis BRA 2021 0-1 (72)}) 10. Nde2
$146 ({RR} 10. Be3 O-O-O 11. Rad1 Nf6 12. f3 Rhe8 13. Bf2 c5 14. Nb3 b6 15. Ne2
Bb5 16. Rde1 Be5 17. c3 a5 18. Be3 a4 19. Nd2 Rd3 20. Kf2 a3 21. c4 Ba6 22. b3
b5 23. Rd1 Red8 24. Nc1 R3d7 {Jaferian,K (2233)-Han,Y (2406) chess.com INT
2023 1-0 (53)}) 10... O-O-O 11. Bf4 f6 12. Bxd6 cxd6 13. Rad1 Be6 14. f4 Ne7
15. f5 Bf7 16. Nf4 Rhe8 17. Rfe1 g6 18. g4 Rg8 19. Kf2 Kc7 20. h3 g5 21. Ng2
Nc8 22. Ne3 Nb6 23. a4 a5 24. b3 Nd7 25. Nf1 Nc5 26. Nh2 Rge8 27. Nf3 Re7 28.
Re2 Rde8 29. Rde1 Nd7 30. Rd2 Ne5 31. Nxe5 Rxe5 32. Rde2 Kb6 33. Rd1 Kc5 34.
Rd3 b5 35. axb5 cxb5 36. Red2 Rd8 37. Nd5 Bxd5 38. Rxd5+ Rxd5 39. Rxd5+ Kb4 40.
c4 bxc4 41. bxc4 a4 42. c5 a3 43. cxd6 a2 44. Rd4+ Kb3 45. Rd1 Rxd6 0-1

[Event "Floripa Chess Open 2024"]
[Site "Florianopolis"]
[Date "2024.01.25"]
[Round "7.93"]
[White "Cunha, Paola De Oliveira"]
[Black "Karoly, Carlos Acacio Gomes"]
[Result "1/2-1/2"]
[WhiteElo "1151"]
[BlackElo "1846"]
[PlyCount "46"]
[EventDate "2024.01.20"]
[EventRounds "10"]
[EventCountry "BRA"]

1. d4 Nf6 2. Bf4 g6 3. Nf3 Bg7 4. e3 O-O 5. h3 b6 6. Be2 Bb7 7. O-O d6 8. c4
Ne4 9. Qc2 Nd7 10. Nc3 ({RR} 10. Rd1 f5 11. c5 Bd5 12. Nc3 Nxc3 13. bxc3 Kh8
14. cxd6 cxd6 15. c4 Rc8 16. Qa4 Bg8 17. Qxa7 Ra8 18. Qb7 Qc8 19. Qxc8 Rfxc8
20. Bg5 Re8 21. g4 h6 22. Bh4 fxg4 23. hxg4 g5 24. Bg3 Ra3 {Predke,A (2661)
-Saric,I (2659) Budva MNE 2023 1/2-1/2 (54)}) 10... Nxc3 11. Qxc3 c5 $146 ({RR
} 11... e5 12. Bg5 Qe8 13. Qd2 h6 14. Bh4 f5 15. Bg3 f4 16. exf4 exf4 17. Bh2
g5 18. Rae1 Qf7 19. d5 Nc5 20. b4 Ne4 21. Qc2 Nc3 22. Bd3 Bc8 23. Bg6 Qf6 24.
a3 Bf5 25. Bxf5 Qxf5 26. Qxf5 {Livaja,M (2227)-Nedev,T (2474) Skopje 2015 0-1 
(75)}) ({RR} 11... e5 12. Bh2 exd4 13. exd4 Re8 14. Rfe1 Qf6 15. Rad1 Re4 16.
Qd3 Rae8 17. b3 Nf8 18. d5 Qc3 19. Kf1 Bc8 20. Qxc3 Bxc3 21. Bd3 Rxe1+ 22. Nxe1
a5 23. Nf3 a4 24. Rc1 Bf6 25. Bf4 axb3 26. axb3 {Raka,R (2113)-Scherer,H (2293)
Baden 2013 1/2-1/2 (41)}) 12. Qd2 cxd4 13. exd4 Rc8 14. d5 Ne5 15. Rac1 e6 16.
Rfe1 exd5 17. cxd5 Nxf3+ 18. Bxf3 Rxc1 19. Qxc1 Qd7 20. Qd2 Bf6 21. Bh6 Re8 22.
Rxe8+ Qxe8 23. Bf4 Qe7 1/2-1/2

[Event "Floripa Chess Open 2024"]
[Site "Florianopolis"]
[Date "2024.01.25"]
[Round "7.94"]
[White "Moyses Sobrinho, Elias"]
[Black "Vieira, Igor Do Nascimento"]
[Result "1-0"]
[WhiteElo "1844"]
[BlackElo "1280"]
[PlyCount "87"]
[EventDate "2024.01.20"]
[EventRounds "10"]
[EventCountry "BRA"]

1. d4 Nf6 2. c4 e6 3. Nf3 d5 4. Nc3 Bb4 5. Qa4+ Nc6 6. Ne5 Bxc3+ 7. bxc3 Bd7 8.
Nxd7 Qxd7 9. Ba3 Ne4 10. Rc1 ({RR} 10. Qc2 Ne7 11. e3 O-O 12. Bd3 f5 13. cxd5
exd5 14. c4 c6 15. f3 Nd6 16. O-O Qe6 17. cxd5 Nxd5 18. e4 fxe4 19. fxe4 Rxf1+
20. Rxf1 Ne3 21. Qe2 Nxf1 22. e5 Nf5 23. Bc4 Qxc4 24. Qxc4+ Kh8 {Radosevic,N  
(1941)-Mitic,A (1316) Belgrade SRB 2023 1-0}) 10... Nd6 11. e3 $146 ({RR} 11.
cxd5 exd5 12. e3 O-O 13. Be2 a6 14. Bf3 Qe6 15. O-O Rfd8 16. Bxd6 Qxd6 17. c4
dxc4 18. Qxc4 Qa3 19. Bxc6 bxc6 20. Qxc6 Qxa2 21. Qxc7 a5 22. Ra1 Qd5 23. Rfc1
a4 24. h3 h6 25. Ra3 Rdb8 {Hutinovic,H (2023)-Pasalic,A (1970) Tuzla BIH 2022
1-0}) ({RR} 11. cxd5 exd5 12. e3 Ne7 13. Qxd7+ Kxd7 14. Bd3 g6 15. O-O f5 16.
Rb1 b6 17. Rfc1 c6 18. Bxd6 Kxd6 19. f3 Rhf8 20. Kf2 Rab8 21. a4 Rbc8 22. Ke2 {
1/2-1/2 (22) Grotheer,O (1815)-Krebs,T (1626) Ditzingen 2012}) 11... a6 12.
cxd5 exd5 13. Bd3 O-O 14. O-O b5 15. Qc2 h6 16. Bxd6 Qxd6 17. e4 dxe4 18. Bxe4
Rad8 19. a4 Ne7 20. axb5 axb5 21. Rfd1 Nd5 22. c4 bxc4 23. Qxc4 Nf6 24. Bf3 Rd7
25. g3 Rfd8 26. Qa4 Qb6 27. Rc5 Qb2 28. d5 Qe5 29. Qc4 g6 30. d6 Qe8 31. Bc6
cxd6 32. Bxd7 Rxd7 33. Rc6 d5 34. Qf4 Nh5 35. Qxh6 Re7 36. Qc1 Kh7 37. Rc8 Qd7
38. Qc6 Qg4 39. Rc1 Nf4 40. Qf6 Qxc8 41. Qxf4 Qe6 42. Rd1 Rd7 43. Ra1 Rd8 44.
Qh4+ 1-0

[Event "Floripa Chess Open 2024"]
[Site "Florianopolis"]
[Date "2024.01.25"]
[Round "7.95"]
[White "Nunes, Leonardo De Souza"]
[Black "Fraga, Heitor Carneiro"]
[Result "1-0"]
[WhiteElo "1800"]
[BlackElo "1839"]
[PlyCount "69"]
[EventDate "2024.01.20"]
[EventRounds "10"]
[EventCountry "BRA"]

1. e4 c5 2. Nf3 d6 3. d4 cxd4 4. Nxd4 Nf6 5. f3 e5 6. Nb3 Be7 7. Be3 Be6 8. c4
O-O 9. Nc3 a6 10. Be2 Nbd7 11. O-O Rc8 ({RR} 11... Nb6 12. Nd2 Nh5 13. g3 g6
14. Qb3 Nd7 15. Qxb7 Bg5 16. Nd1 Bxe3+ 17. Nxe3 Qg5 18. Qb3 Nc5 19. Qc3 f5 20.
Ng2 fxe4 21. Nxe4 Nxe4 22. fxe4 Nf6 23. Qd3 Bh3 24. Rf3 Bxg2 25. Kxg2 Nh5 26.
Qd5+ {Flores Quillas,D (2300)-Barrientos,E (1982) Asuncion PAR 2023 1-0 (32)})
12. Nd5 Bxd5 13. cxd5 a5 $146 ({RR} 13... Nh5 14. Qd2 Nc5 15. Nxc5 dxc5 16.
Rfd1 Bd6 17. Rac1 b5 18. Bf1 c4 19. Qf2 Qe7 20. g3 Nf6 21. Bh3 Rc7 22. Kh1 Rd8
23. Bb6 Bc5 24. Bxc5 Qxc5 25. Qxc5 Rxc5 26. b4 Rc7 27. Rc2 g6 28. a4 {Smolka,M
(1831)-Kwiatkowski,W (1724) Ustron 2008 1/2-1/2 (52)}) 14. Bb5 b6 15. a3 Nc5
16. Nc1 Nh5 17. b4 Nb7 18. Nd3 Bg5 19. Qd2 Bxe3+ 20. Qxe3 f5 21. exf5 Nf6 22.
Bc6 Rb8 23. Nf2 Qc8 24. Ne4 Ne8 25. g4 Qd8 26. Ng5 Nc7 27. Ne6 Nxe6 28. fxe6
Rf4 29. Kg2 h6 30. Rf2 Kh8 31. Raa2 Kg8 32. h3 Kh8 33. Qd3 Qe7 34. Qa6 Nd8 35.
Bd7 1-0

[Event "Floripa Chess Open 2024"]
[Site "Florianopolis"]
[Date "2024.01.25"]
[Round "7.98"]
[White "Guerrero, Alvaro"]
[Black "De Menezes, Ricardo Fagner Dias"]
[Result "1-0"]
[WhiteElo "1999"]
[BlackElo "1675"]
[PlyCount "30"]
[EventDate "2024.01.20"]
[EventRounds "10"]
[EventCountry "BRA"]

1. e4 e6 2. d3 d5 3. Qe2 dxe4 4. dxe4 Nf6 5. e5 Nd5 6. Nf3 Be7 ({RR} 6... c5 7.
g3 Be7 8. Bg2 O-O 9. O-O Nc6 10. Rd1 Qc7 11. c4 Nb6 12. Nc3 Rd8 13. Rxd8+ Qxd8
14. Be3 Nd7 15. Rd1 Qc7 16. Bf4 Nf8 17. Nb5 Qb6 18. h4 Ng6 19. Bg5 a6 20. Nd6
h6 21. h5 {Macovei,A (2454)-Triboi,A (2016) Chisinau MDA 2022 1-0 (59)}) 7. c4
Bb4+ $146 ({RR} 7... Nb6 8. Nc3 c6 9. Bf4 N8d7 10. Rd1 O-O 11. Ne4 Bb4+ 12. Bd2
Bxd2+ 13. Rxd2 Qe7 14. Nd6 Rd8 15. Qe4 h6 16. Bd3 f5 17. exf6 Nxf6 18. Nxc8
Raxc8 19. Qe2 Nbd7 20. O-O Nf8 21. Rfd1 Rd6 22. Bh7+ {Hickman,J (2082)-Villena
Perez,J (1915) Gibraltar 2006 1-0 (58)}) 8. Nbd2 Ne7 9. a3 Bxd2+ 10. Bxd2 O-O
11. O-O-O Qe8 12. h4 b5 13. Qe4 Qc6 14. Bd3 Qxe4 15. Bxe4 c6 1-0

[Event "Floripa Chess Open 2024"]
[Site "Florianopolis"]
[Date "2024.01.25"]
[Round "7.99"]
[White "Bassani, Jaison Jose"]
[Black "Do Prado, Hamilton Mesquita"]
[Result "1-0"]
[WhiteElo "1949"]
[BlackElo "1673"]
[PlyCount "128"]
[EventDate "2024.01.20"]
[EventRounds "10"]
[EventCountry "BRA"]

1. e4 c5 2. Nc3 e6 3. g3 Nc6 4. Bg2 a6 5. Nge2 b5 6. a3 ({RR} 6. Nd4 Bb7 7. O-O
Nce7 8. Re1 Nc6 9. Nd5 Be7 10. Nxe7 Qxe7 11. a4 b4 12. a5 Rc8 13. Nxc6 Bxc6 14.
b3 Rb8 15. Bf1 Bxe4 16. Rxe4 Rc8 17. Rxb4 e5 18. Rc4 f6 19. b4 Rc7 20. Bd3 Kf7
{Ghaem Maghami,E (2599)-Shabalov,A (2585) Beijing 2008 1-0}) ({RR} 6. d4 cxd4
7. Nxd4 Bb7 8. O-O Rc8 9. Bf4 d6 10. Nde2 Nf6 11. Qd2 Ne5 12. a3 Nc4 13. Qc1
Qc7 14. Rd1 Be7 15. b3 Ne5 16. Qd2 O-O 17. Rac1 Rfd8 18. h3 h6 19. Qe1 Bc6 20.
Nd4 Be8 {Janaszak,D (2316)-Grigoriants,S (2562) chess.com INT 2023 0-1 (40)})
6... Bb7 7. O-O Nf6 8. h3 $146 ({RR} 8. d3 Be7 9. h3 d6 10. g4 h5 11. g5 Nd7
12. f4 h4 13. Be3 Nb6 14. Qd2 d5 15. exd5 exd5 16. Bf2 Qd7 17. d4 Nc4 18. Qc1
cxd4 19. Nxd4 Nxd4 20. Bxd4 O-O 21. Qe1 Nd6 22. Qxh4 Nf5 {Van Mil,J (2422)
-Schmitz,J (2319) Germany 2001 1-0 (62)}) 8... Qc7 9. d3 Be7 10. Be3 d6 11. Qd2
Ne5 12. f4 Ned7 13. Rae1 O-O 14. f5 e5 15. g4 b4 16. axb4 cxb4 17. Na4 d5 18.
g5 d4 19. Bf2 Ne8 20. b3 Nd6 21. Nb2 Rac8 22. Rc1 Nb5 23. Nc4 Rfd8 24. Bg3 Nc3
25. Kh1 f6 26. h4 Nc5 27. Nxc3 dxc3 28. Qe2 Bc6 29. Bf2 Bb5 30. Be3 a5 31. Ra1
a4 32. bxa4 Nxa4 33. Rxa4 Bxa4 34. Nb6 Bb5 35. Nxc8 Qxc8 36. Qh5 fxg5 37. hxg5
Bxg5 38. Bxg5 Be8 39. Qh2 Rd7 40. Bh3 b3 41. f6 Qc7 42. cxb3 Rxd3 43. Be6+ Bf7
44. fxg7 Rd1 45. Bxf7+ Qxf7 46. Rxd1 Qf3+ 47. Qg2 Qxd1+ 48. Kh2 Qh5+ 49. Kg1
Qd1+ 50. Kf2 Qxb3 51. Qf3 Qb6+ 52. Ke2 Kxg7 53. Qxc3 Qe6 54. Qf3 h6 55. Bh4 Qg6
56. Qf5 Qg2+ 57. Kd3 Kg8 58. Qxe5 Qf1+ 59. Kd4 Qa1+ 60. Kd5 Qa5+ 61. Ke6 Qa6+
62. Qd6 Qc4+ 63. Qd5 Qc8+ 64. Ke7+ Kh8 1-0

[Event "Floripa Chess Open 2024"]
[Site "Florianopolis"]
[Date "2024.01.25"]
[Round "7.100"]
[White "Dos Santos, Leonardo Lopes"]
[Black "Bezerra, Fabiano De Oliveira"]
[Result "1-0"]
[WhiteElo "1664"]
[BlackElo "1890"]
[PlyCount "77"]
[EventDate "2024.01.20"]
[EventRounds "10"]
[EventCountry "BRA"]

1. e4 c6 2. d4 d5 3. exd5 cxd5 4. Bd3 Nc6 5. c3 a6 6. Bf4 ({RR} 6. Ne2 Qc7 7.
Bf4 e5 8. dxe5 Nxe5 9. O-O Bd6 10. Bg3 Nf6 11. Bc2 O-O 12. Nd2 Bg4 13. h3 Bh5
14. Nb3 Rfe8 15. Nbd4 Rad8 16. Re1 Qb6 17. Bb3 Nc4 18. Bxd6 Rxd6 19. Bxc4 dxc4
20. Qc2 Bg6 {Salov,V (2715)-Karpov,A (2765) Alma-Ata 1995 0-1 (38)}) 6... Nf6
7. Nd2 ({RR} 7. Nf3 Bg4 8. Nbd2 e6 9. O-O Bd6 10. Bxd6 Qxd6 11. Qc2 O-O 12.
Rae1 Rac8 13. Qb1 Bxf3 14. Nxf3 Qf4 15. Ne5 Nxe5 16. dxe5 Ng4 17. g3 Qh6 18. h4
f6 19. exf6 Rxf6 20. Qd1 Qh5 21. Be2 Rg6 {Laohawirapap,P (2319)-Lin Chung Yu
Lee (1734) Jakarta INA 2023 1-0}) 7... e6 8. Ngf3 Be7 $146 ({RR} 8... Nh5 9.
Be3 Bd6 10. Ne5 Nf6 11. Ndf3 Qc7 12. Nxc6 bxc6 13. O-O Ng4 14. h3 Nxe3 15. fxe3
O-O 16. Qe2 e5 17. dxe5 Bxe5 18. Rae1 Bf6 19. Nd4 Qd6 20. Nf5 Qe5 21. Rf3 g6
22. Nh6+ Kg7 23. Ng4 {Koths,P (1931)-Barlage,T (2008) Dresden 2010 1/2-1/2 (62)
}) 9. h3 h6 10. O-O Bd7 11. Ne5 Nxe5 12. dxe5 Ng8 13. Qg4 Bf8 14. Be3 Ne7 15.
Bc5 h5 16. Qf4 Nf5 17. Bxf8 Rxf8 18. Bxf5 exf5 19. Qf3 Qg5 20. Nb3 O-O-O 21.
Rad1 Rfe8 22. Rfe1 f4 23. c4 dxc4 24. Na5 Bc6 25. Nxc6 bxc6 26. Qxc6+ Kb8 27.
Qb6+ Ka8 28. Qxa6+ Kb8 29. Qb5+ Ka8 30. Rd7 Rxd7 31. Qxd7 Rd8 32. Qa4+ Kb8 33.
Qxc4 f3 34. Qb5+ Ka7 35. Qc5+ Kb8 36. g3 Qd2 37. Rc1 Qd4 38. Qb5+ Ka8 39. Rc7
1-0

[Event "Floripa Chess Open 2024"]
[Site "Florianopolis"]
[Date "2024.01.25"]
[Round "7.101"]
[White "Cavalcante, Adriano Nunes"]
[Black "Hessmann, Eduardo Franzoni"]
[Result "0-1"]
[WhiteElo "1878"]
[BlackElo "1665"]
[PlyCount "61"]
[EventDate "2024.01.20"]
[EventRounds "10"]
[EventCountry "BRA"]

1. d4 Nf6 2. c4 g6 3. Nc3 Bg7 4. e4 d6 5. Nf3 O-O 6. Be2 e5 7. Be3 exd4 8. Nxd4
Re8 9. f3 c6 10. Bf2 d5 11. exd5 cxd5 12. O-O ({RR} 12. c5 Nbd7 13. c6 Ne5 14.
cxb7 Bxb7 15. O-O Nc4 16. Qc1 Rc8 17. b3 Nd6 18. Qd2 Nh5 19. Ncb5 Rxe2 20. Qxe2
Nf4 21. Qd2 Nxb5 22. Qxf4 Ba6 23. Rfe1 Nc3 24. Kh1 h5 25. Rac1 Qa5 26. Re7 Rf8
{Wojtaszek,R (2744)-Bacrot,E (2718) Beijing 2014 1-0 (34)}) ({RR} 12. c5 Nbd7
13. b4 a5 14. a3 Ne5 15. O-O Nh5 16. g3 Nc4 17. Bxc4 dxc4 18. Qd2 Bf5 19. Ncb5
Bd3 20. Rfe1 Qd7 21. Nd6 Rxe1+ 22. Rxe1 Nf6 23. b5 Nd5 24. f4 a4 25. Kg2 h5 26.
h3 Bf8 {Hernandez Leon,A (2205)-Rottenwohrer Suarez,J (2265) chess.com INT
2023 0-1 (58)}) 12... Nc6 13. Re1 $146 ({RR} 13. Nxc6 bxc6 14. Bd4 Ba6 15. cxd5
Bxe2 16. Nxe2 Qxd5 17. Nc3 Qh5 18. Qa4 c5 19. Bf2 Rab8 20. Rab1 Nd5 21. Nxd5
Qxd5 22. Rbd1 Bd4 23. Bxd4 cxd4 24. Rxd4 Qc5 25. Kh1 Re2 26. b3 Rxa2 27. Qxa2
Qxd4 {Rabar,B-Eliskases,E Rio de Janeiro 1952 1/2-1/2 (31)}) ({RR} 13. Nxc6
bxc6 14. Rc1 Bh6 15. Rb1 Bf5 16. Bd3 d4 17. Bxf5 dxc3 18. Bd3 cxb2 19. Rxb2 Be3
20. Bxe3 Rxe3 21. Be2 Qe7 22. Rf2 Re8 23. g3 h5 24. Qd4 Rd8 25. Qf4 Kg7 26. Kg2
h4 27. Qxh4 Qe5 {Socko,B (2623)-Nakamura,H (2798) Civitanova Marche 2015 0-1  
(54)}) 13... Nxd4 14. Bxd4 dxc4 15. Bf2 Be6 16. Qa4 a6 17. Rad1 Qc7 18. a3 b5
19. Qc2 Rad8 20. Rxd8 Rxd8 21. Bf1 Bf5 22. Qc1 h5 23. Bh4 Rd7 24. Bg5 Kh7 25.
g3 Nd5 26. Nxd5 Rxd5 27. Bf4 Qd7 28. Bg2 Bh3 29. Qc2 Bxg2 30. Kxg2 Rd3 31. Re3
0-1